| 000 | 00575nam a2200217 a 4500 | ||
|---|---|---|---|
| 999 |
_c5678 _d5678 |
||
| 001 | 5678 | ||
| 003 | BD-JhCC | ||
| 005 | 20171219184447.0 | ||
| 008 | 171219s1983 bg |||| || | 000 0 eng d | ||
| 035 | _a(BD-JhCC)5678 | ||
| 040 |
_aBD-JhCC _dBD-JhCC |
||
| 041 | _aeng | ||
| 082 |
_a420 _bAZA 1983 |
||
| 100 | _aAzad, Md. Anisur Rahman | ||
| 245 |
_aStudy Abroad for Higher Education / _cMd. Anisur Rahman Azad, |
||
| 260 |
_aDhaka : _bHera and Nazu Publishing, _c1983. |
||
| 300 |
_a256 p. : _c20 cm. |
||
| 650 | _aEnglish Language | ||
| 942 |
_2ddc _cBK |
||